Africa must unite. / (Record no. 8728)
[ view plain ]
| 000 -LEADER | |
|---|---|
| fixed length control field | 01130nam a22001697a 4500 |
| 005 - DATE AND TIME OF LATEST TRANSACTION | |
| control field | 20220218145937.0 |
| 008 - FIXED-LENGTH DATA ELEMENTS--GENERAL INFORMATION | |
| fixed length control field | 220218b ||||| |||| 00| 0 eng d |
| 020 ## - INTERNATIONAL STANDARD BOOK NUMBER | |
| International Standard Book Number | 9780901787033 |
| 050 ## - LIBRARY OF CONGRESS CALL NUMBER | |
| Classification number | DT30 .N45 |
| 100 ## - MAIN ENTRY--PERSONAL NAME | |
| 9 (RLIN) | Nkrumah, Kwame, |
| 245 ## - TITLE STATEMENT | |
| Title | Africa must unite. / |
| Statement of responsibility, etc. | Kwame Nkrumah |
| 260 ## - PUBLICATION, DISTRIBUTION, ETC. | |
| Place of publication, distribution, etc. | New York, |
| Name of publisher, distributor, etc. | Panaf Books, |
| Date of publication, distribution, etc. | 2007. |
| 300 ## - PHYSICAL DESCRIPTION | |
| Extent | xvii, 229 p. |
| Dimensions | 21 cm |
| 500 ## - GENERAL NOTE | |
| General note | Includes bibliographical references and index. |
| 505 ## - FORMATTED CONTENTS NOTE | |
| Formatted contents note | Contents:<br/>Introduction -- The African background -- The colonial imprint -- Colonial pattern of economics -- Society under colonialism -- The intellectual vanguard -- Freedom first -- Achieving our sovereignty -- Problems of government -- Bringing unity in Ghana -- Our Ghanaian constitution -- The administrative instrument -- Reconstruction and development -- Towards economic independence -- Building socialism in Ghana -- Towards African unity -- Some attempts at unification -- Economic and political integration: Africa's need -- Neo-colonialism in Africa -- Africa in world affairs -- Examples of major unions of states -- Continental government for Africa. |
| 942 ## - ADDED ENTRY ELEMENTS (KOHA) | |
| Source of classification or shelving scheme | Library of Congress Classification |
| Koha item type | Books |
| Withdrawn status | Lost status | Source of classification or shelving scheme | Damaged status | Not for loan | Home library | Current library | Shelving location | Date acquired | Total Checkouts | Full call number | Barcode | Date last seen | Price effective from | Koha item type |
|---|---|---|---|---|---|---|---|---|---|---|---|---|---|---|
| Library of Congress Classification | WISCONSIN INTERNATIONAL UNIVERSITY COLLEGE, GHANA - MAIN LIBRARY | WISCONSIN INTERNATIONAL UNIVERSITY COLLEGE, GHANA - MAIN LIBRARY | Reference | 18/02/2022 | DT30 .N45 | 9026/427/22 | 18/02/2022 | 18/02/2022 | Books |
